000 00368nam a2200133Ia 4500
008 100328s9999 xx 000 0 und d
082 _b27735
100 _aक्षेत्रमाडे सुमति
245 _aशततारका
260 _bप्रिया
630 _aशततारका
730 _aशततारका
942 _cBOOK
999 _c519467
_d519464